000 00558nam a2200193 i 4500
001 115939
003 ES-MaACL
005 20230906190610.0
007 t|
008 061121s1934 sp r ||||1| spa d
100 1 _aPancrazi, Pietro.
_988750
245 1 0 _aScrittori italiani del novecento /
_cPietro Pancrazi.
260 _aBari :
_bGius Laterza & Figli,
_c1934.
300 _aVII, 335 p. ;
_c20 cm.
490 1 _aBiblioteca di cultura moderna
830 0 _aBiblioteca di cultura moderna
_9182552
852 _aES-MaACL
_jA-2693
999 _c115939
_d115939